000 00723nam a2200241Ia 4500
003 OSt
005 20220918211742.0
006 a|||||r|||| 00| 0
007 ta
008 220917b |||||||| |||| 00| 0 eng d
024 _a125,498
037 _cTextual
040 _aARTS
_cARTS
_beng
041 _2eng
_aeng
082 _aW691v1:N5, K2
100 _aMckenzie Kermit E
_9121319
245 0 _aComintern and world revolution 1928-1943
_b the shaping of doctrine
260 _aLondon
_bColumbia University Press UK
_c1962
490 _aStudies of the Russian Inst Columbia univ
650 _aPOLITICAL SCIENCE
942 _hW691v1:N5, K2
_cTEXL
_2CC
999 _c248646
_d248646